69 Babynamen der Woche 34/25' - Statistiken

Allgemein
  • Dieses Quiz wurde 8 mal gespielt
  • Das Durchschnittsergebnis liegt bei 22 aus 69
Antwortstatistiken
📍 Vorname % Korrekt
An..b.l.e ♀️ Annabelle
100%
Al..a.d.r ♂️ Alexander
71%
A.t.n ♂️ Anton
71%
C.a.a ♀️ Clara
71%
D.m..n ♂️ Damian
71%
El.s.b..h ♀️ Elisabeth
71%
F.b..n ♂️ Fabian
71%
J.h..n ♂️ Johann
71%
J.s.f ♂️ Josef
71%
C..l ♂️ Carl
57%
C.l..e ♀️ Celine
57%
E..a ♀️ Emma
57%
F..r..n ♂️ Florian
57%
I.a ♀️ Ida
57%
J..p ♂️ Joop
57%
J.s..a ♂️ Joshua
57%
Op..l.a ♀️ Ophelia
57%
P..l ♂️ Paul
57%
A. ♀️ Ay
43%
A.a ♀️ Aya
43%
B..a ♂️ Bela
43%
C..l.t.a ♀️ Carlotta
43%
D.a ♀️ Dua
43%
E..a ♀️ Edda
43%
E..a ♀️ Elsa
43%
F.t..a ♀️ Fatima
43%
L.c.a ♀️ Lucia
43%
M.r..z ♂️ Moritz
43%
P..l..e ♀️ Pauline
43%
S.s.n ♀️ Susan
43%
Al..n ♀️ Aleyn
29%
D.j.n ♂️ Dejan
29%
F..r..t.n ♂️ Florentin
29%
G.a.e ♀️ Grace
29%
J.n.a ♀️ Jonna
29%
M.g.a ♀️ Magda
29%
M..l..n ♀️ Marleen
29%
M.r..l ♀️ Muriel
29%
O..o ♂️ Onno
29%
S..p ♂️ Sepp
29%
S.m..e ♀️ Simone
29%
S.y ♀️ Sky
29%
T..v.r ♂️ Trever
29%
D.s.n ♂️ Dusan
14%
Iv..a ♀️ Ivena
14%
K.l.r.a ♀️ Kaleria
14%
L.o.r ♂️ Leoar
14%
L.o.t..e ♀️ Leontine
14%
L.a..e ♀️ Lianne
14%
M.l..y ♀️ Melody
14%
O.r.h ♀️ Omrah
14%
S.l.d.a ♀️ Solidea
14%
T.o.s..n ♂️ Thorsten
14%
Z..a ♀️ Zaia
14%
A..i ♀️ Auri
0%
E.f.n ♂️ Erfan
0%
F.e.t.e ♀️ Feentje
0%
H..a ♀️ Heja
0%
L.l.a ♀️ Lelia
0%
L..a ♀️ Liya
0%
M.g..a ♀️ Mageda
0%
M.o.a ♀️ Miona
0%
M..r.e ♀️ Monroe
0%
N..a ♀️ Nela
0%
R.v..n ♂️ Revian
0%
R..a ♀️ Rica
0%
R..i ♂️ Rudi
0%
S..e ♀️ Sare
0%
T..d..a ♀️ Teldora
0%
Keine übereinstimmenden Quizze gefunden
Verteilung der Resultate
Anzahl Personen mit jedem Resultat
Perzentil nach korrekt beantworteten Fragen
Ihre Resultats-Entwicklung
Sie haben dieses Quiz noch nicht gespielt